|
|
|
|
| LEADER |
01365nam a2200265 a 4500 |
| 001 |
00025388 |
| 008 |
120604s2008 bg 000 0 ben d |
| 999 |
|
|
|c 12370
|d 12370
|
| 020 |
|
|
|a 9847016900006
|
| 040 |
|
|
|a BD-DhAAL
|c BD-DhAAL
|
| 041 |
0 |
|
|a ben
|
| 082 |
0 |
0 |
|a 306.4495492
|2 22
|
| 245 |
1 |
0 |
|a মহান একুশে সুবর্ণজয়ন্তী গ্রন্থ /
|c মাহবুব উল্লাহ্
|
| 260 |
|
|
|a ঢাকা :
|b অ্যাডর্ন পাবলিকেশন,
|c ২০০৮
|
| 300 |
|
|
|a ১৭০৪ পৃ. ;
|c ২৯ সে.মি.
|
| 504 |
|
|
|a গ্রন্থপঞ্জি ও নির্ঘন্ট অন্তর্ভূক্ত.
|
| 541 |
1 |
|
|e 00025388
|
| 650 |
|
0 |
|a Bengali language movement.
|9 48295
|
| 650 |
|
0 |
|a Language policy
|z Bangladesh
|x History.
|9 48296
|
| 650 |
|
0 |
|a Bengali language
|x Political aspects
|z Bangladesh.
|9 48297
|
| 700 |
1 |
|
|a উল্লাহ্, মাহবুব.
|9 48298
|
| 852 |
1 |
|
|a Ayesha Abed Library
|j General shelf
|
| 942 |
|
|
|2 ddc
|c BK
|
| 952 |
|
|
|0 0
|1 0
|4 0
|6 306_449549200000000_MOH
|7 0
|9 20452
|a BRACUL
|b BRACUL
|c GEN
|d 2012-06-10
|e Adorn Publication
|g 2100.00
|l 0
|o 306.4495492 MOH
|p 3010025388
|r 2012-06-10
|t 1
|w 2012-06-10
|y BK
|
| 952 |
|
|
|0 0
|1 0
|2 ddc
|4 0
|6 306_449549200000000_MOH
|7 0
|9 44767
|a BRACUL
|b BRACUL
|c GEN
|d 2015-01-16
|l 0
|o 306.4495492 MOH
|p 3010018355
|r 2015-01-16
|t 2
|w 2015-01-16
|y BK
|